Informe del C. Presidente de la República C. Venustiano Carranza, al H. Congreso de la Unión, manifestando las causas que determinaron su convocatoria a sesiones extraordinarias el primero de mayo de 1919 y contestación del C. Presidente del H. Congreso de la Unión. (Record no. 40023)

MARC details
000 -LEADER
campo de control de longitud fija 00724nam a2200169 i 4500
001 - NÚMERO DE CONTROL
campo de control 40023
003 - IDENTIFICADOR DE NÚMERO DE CONTROL
campo de control ES-MaACL
005 - FECHA Y HORA DE LA ÚLTIMA TRANSACCIÓN
campo de control 20250819063036.0
007 - CAMPO FIJO DE DESCRIPCIÓN FÍSICA--INFORMACIÓN GENERAL
campo de control de longitud fija t|
008 - DATOS DE LONGITUD FIJA--INFORMACIÓN GENERAL
campo de control de longitud fija 030304s1919 mx ||||1| spa d
100 1# - ENTRADA PRINCIPAL--NOMBRE DE PERSONA
Nombre de persona Carranza, Venustiano,
Fechas asociadas al nombre 1859-1920
9 (RLIN) 35508
245 10 - MENCIÓN DEL TÍTULO
Título Informe del C. Presidente de la República C. Venustiano Carranza, al H. Congreso de la Unión, manifestando las causas que determinaron su convocatoria a sesiones extraordinarias el primero de mayo de 1919 y contestación del C. Presidente del H. Congreso de la Unión.
260 ## - PUBLICACIÓN, DISTRIBUCIÓN, ETC.
Lugar de publicación, distribución, etc. México :
Nombre del editor, distribuidor, etc. Imprenta de la Secretaría de Gobernación,
Fecha de publicación, distribución, etc. 1919.
300 ## - DESCRIPCIÓN FÍSICA
Extensión 20 p. ;
Dimensiones 21 cm.
852 ## - LOCALIZACIÓN
Ubicación ES-MaACL
Número de control de estantería 1598-F-21
Holdings
Estatus retirado Estado de pérdida Estado de daño No para préstamo Colección Biblioteca de origen Biblioteca actual Ubicación en estantería Fecha de adquisición Fuente de adquisición Total de préstamos Signatura topográfica completa Código de barras Visto por última vez Precio de reemplazo Tipo de ítem Koha
        Colección de folletos Biblioteca del Ateneo de Madrid Biblioteca del Ateneo de Madrid Depósito folletos 17/01/2008     1598-F-21 1042140 23/02/2023 23/02/2023 Folleto